| 000 | 00347nam a2200145Ia 4500 | ||
|---|---|---|---|
| 008 | 150201s2011 xx 000 0 und d | ||
| 082 |
_a610 _bM11A |
||
| 100 | _aALAGAPPAN , R. | ||
| 245 | _aMANUAL OF PRACTICAL MEDICINE | ||
| 250 | _a4TH | ||
| 260 |
_bJAYPEE _aDELHI _c2011 |
||
| 300 | _a1-838 | ||
| 650 | _aGENERAL MEDICINE | ||
| 942 |
_2ddc _cBK _014 |
||
| 999 |
_c1669 _d1669 |
||